Southville International School and Colleges
Your cart is empty.
  • Cart
  • Lists
    Public lists Eva Luna New books Lux_list list_1
    Your lists Log in to create your own lists
  • Log in to your account
  • Your cookies
  • Search history
Southville International School and Colleges
  • Advanced search
  • Recent comments
  • Most popular
  • Libraries

Log in to your account

Log in with GOOGLE


If you do not have an external account, but do have a local account, you can still log in:

  1. Home
  2. MARC view: 100 new scientific discoveries :
Normal view MARC view ISBD view

100 new scientific discoveries : (Record no. 288252)

[ view plain ]
MARC details
000 -LEADER
fixed length control field 00432nam a2200109Ia 4500
008 - FIXED-LENGTH DATA ELEMENTS--GENERAL INFORMATION
fixed length control field 150610s9999 xx 000 0 und d
020 ## - INTERNATIONAL STANDARD BOOK NUMBER
International Standard Book Number 9781603201728
050 ## - LIBRARY OF CONGRESS CALL NUMBER
Classification number Q180.55
Item number .D57 O54 2011  
245 ## - TITLE STATEMENT
Title 100 new scientific discoveries :
Remainder of title fascinating, unbelievable and mind-expanding stories /
Statement of responsibility, etc [editor, Jeffrey Kluger].
260 ## - PUBLICATION, DISTRIBUTION, ETC. (IMPRINT)
Place of publication, distribution, etc New York, N.Y. : 
Name of publisher, distributor, etc TIME Books,
Date of publication, distribution, etc 2011.
300 ## - PHYSICAL DESCRIPTION
Extent 112pages :
Other physical details ill. (chiefly color)
Dimensions 29 cm.
Holdings
Withdrawn status Lost status Damaged status Home library Current library Shelving location Date acquired Total Checkouts Full call number Barcode Date last seen Price effective from Koha item type
      Stonyhurst Southville International School (Batangas) Stonyhurst Southville International School (Batangas) High School Section 06/10/2015   Q180.55.D57 O54 2011   US-1839 06/10/2015 06/10/2015 Books

100 new scientific discoveries :

APA

(2011). 100 new scientific discoveries. New York, N.Y: TIME Books.

Chicago

2011. 100 new scientific discoveries. New York, N.Y: TIME Books.

Harvard

(2011). 100 new scientific discoveries. New York, N.Y: TIME Books.

MLA

100 new scientific discoveries. New York, N.Y: TIME Books. 2011.

  • Place hold
  • Print
  • Cite
  • Add to your cart (remove)
  • Save record
    BIBTEX Dublin Core MARCXML MARC (non-Unicode/MARC-8) MARC (Unicode/UTF-8) MARC (Unicode/UTF-8, Standard) MODS (XML) RIS
  • More searches
    Search for this title in:
    Other Libraries (WorldCat) Other Databases (Google Scholar) Online Stores (Bookfinder.com) Open Library (openlibrary.org)

Exporting to Dublin Core...

SOUTHVILLE LIBRARY

Southville International School and Colleges Library

1281 Tropical Ave. Cor. Luxembourg St., BF Homes International, Las Pinas City

Tel. No. 8256374 / 252358 Loc. 117/146

Powered by Koha